Βιβλιογραφική ανασκόπηση του φαινομένου του θερμοκηπίου με έμφαση στις Ευρωπαϊκές επιπτώσεις του : πτυχιακή εργασία
Αποθηκεύτηκε σε:
| Κύριος συγγραφέας: | |
|---|---|
| Συγγραφή απο Οργανισμό/Αρχή: | |
| Άλλοι συγγραφείς: | , |
| Μορφή: | Thesis Βιβλίο |
| Γλώσσα: | Greek |
| Δημοσίευση: |
Μυτιλήνη :
Πανεπιστήμιο Αιγαίου, Τμήμα Περιβάλλοντος, Τομέας Περιβαλλοντικής Μηχανικής,
1996
|
| Θέματα: | |
| Διαθέσιμο Online: | http://hdl.handle.net/11610/9961 |
| Ετικέτες: |
Προσθήκη ετικέτας
Δεν υπάρχουν, Καταχωρήστε ετικέτα πρώτοι!
|
MARC
| LEADER | 00000cam a2200000 i 4500 | ||
|---|---|---|---|
| 001 | 1/5586 | ||
| 008 | 000607s1996 gre d | ||
| 035 | |l 10061636 | ||
| 040 | |a GR-MY-UA |b gre |e aacr | ||
| 041 | 0 | |a gre | |
| 082 | 0 | |a 363.73874 |2 (22) | |
| 100 | 1 | |a Αλεξίου, Μανώλης. | |
| 245 | 1 | 0 | |a Βιβλιογραφική ανασκόπηση του φαινομένου του θερμοκηπίου με έμφαση στις Ευρωπαϊκές επιπτώσεις του : |b πτυχιακή εργασία / |c Μ. Αλεξίου, Β. Τσιρονίκος ; επιβλέπων καθηγητής: Λέκκας Θεμιστοκλής |
| 260 | |a Μυτιλήνη : |b Πανεπιστήμιο Αιγαίου, Τμήμα Περιβάλλοντος, Τομέας Περιβαλλοντικής Μηχανικής, |c 1996 | ||
| 300 | |a 220 σ.; |b πιν.,σχ.,χάρτες; |c 30 εκ. | ||
| 502 | |a Πτυχιακή εργασία – Πανεπιστήμιο Αιγαίου, Λέσβος, 1996. | ||
| 504 | |a Περιέχει βιβλιογραφία | ||
| 650 | 0 | 0 | |a Global warming. |
| 650 | 0 | 0 | |a Greenhouse effect, Atmospheric. |
| 650 | 0 | 0 | |a Dissertations, Academic |z Greece. |
| 700 | 1 | |a Τσιρονίκος, Βασίλης. | |
| 700 | 1 | |4 ths |a Λέκκας, Θεμιστοκλής Δ. | |
| 710 | 2 | |a Πανεπιστήμιο Αιγαίου. |b Σχολή Περιβάλλοντος. |b Τμήμα Περιβάλλοντος. | |
| 852 | |a INST |b LESVOS |c DIATR |e 20000607 |h 295 |p 005100026005 |q 005100026005 |t DIE |y 23 | ||
| 852 | |a INST |b LESVOS |c DIATR |e 20000607 |h 296 |p 005100026006 |q 005100026006 |t DIE |y 23 | ||
| 856 | |u http://hdl.handle.net/11610/9961 | ||
| 901 | |a BIBL1-2000-2 | ||
| 909 | |a Λ |b 080310 | ||
| 909 | |a Λ |b 080311 | ||
| 924 | |a ΑΛΕΞΙΟΥ |b ΜΑΝΩΛΗΣ |y ΛΕΣΒΟΣ |z 2000-06 | ||
| 924 | |a ΤΣΙΡΟΝΙΚΟΣ |b BΑΣΙΛΗΣ |y ΛΕΣΒΟΣ |z 2000-06 | ||
| 970 | |a ΑΙΒΑΤΖΙΔΟΥ |b ΕΛΕΝΗ |z 2000/06/07 | ||